000 00914nac a22003137a 4500
001 BR9002096
003 BR-BrBNA
005 20240105121120.0
008 230509b bl.|||m| |||| 00| 0 por d
040 _aBR-BrBNA
_bpor
_cBiblioteca Nacional de Agricultura
072 _aQ54
090 _a5212 BR9002096
100 1 _aPeres, R.M.
110 1 _aInstituto de Zootecnia, Nova Odessa, SP (Brasil)
_96281
245 1 _aSilagens de milho e sorgo na engorda de bovinos
260 3 _aNova Odessa, SP (Brasil):
_c1988.
300 _a49 p.
490 _aBoletim Tecnico - Instituto de Zootecnia (Brazil)
_vno. 29
_xISSN 0374-8510
500 _a34 ref.
650 _aBOVINO
650 _aENGORDA
650 _aSILAGEM
650 _aMILHO
650 _aSORGO
650 _aVALOR NUTRITIVO
650 _aCOMPOSICAO DE ALIMENTO
909 _a202312
_bLúcia Elande
_c55
_dLúcia Elande
942 _2AGRIS
_n0
_cMS
999 _c283379
_d283379